00566nam a2200145 i 450000100060000000300090000600500170001500700030003200800410003524501640007626000640024030000210030471000440032585200510036949267ES-MaACL20230906161921.0t|030711m18961922sp ||||1| spa d00aCortes de los antiguos Reinos de Aragón y de Valencia y del Principado de Cataluña / cpublicadas por la Real Academia de la Historia... desde 1064 a 1479. aMadrid : b[s.n.], c1896-1922 (fImp. de la Vda. de Tello) a27 v. ; c33 cm.2 aReal Academia de la Historia (España) x x aBA jR-2458-84 Olim: B-9417-45